000 00513nam a2200181Ia 4500
005 20250326123732.0
008 250326s9999 xx 000 0 und d
037 _aTextbook
040 _aFMSL
_beng
_cFMSL
041 _aeng
_2eng
084 _aX:87 P2
_qFMSL
100 _aKirkpatrick D L
_9735939
245 0 _aManaging change effectively
_cKirkpatrick D L
260 _aNew Delhi
_bNew Delhi, Butterworth Heinemann
_c2002
300 _a192p
942 _cTB
_hX:87 P2
999 _c1270723
_d1270723